01027nas a2200253Ia 4500001001100000003000900011008004100020040001300061040001300074041001300087100003800100210001000138222001000148245006600158250001100224260004100235501008600276300001800362362003500380500027000415650003900685700002000724700002900744R455/F4651IT-RoPAU151124c99999999xx |||||||||||| ||und|| aIT-RoPAU cIT-RoPAU aITALIANO aAA.VV. gCodice Aut. SPICS: 12000 aJESUS aJesus aJESUS, ANNO 20-N.11 (NOVEMBRE 1998)bCollegialita' In Cammino a1a ed. aALBA (CN)bPERIODICI SAN PAOLOc1998 bPaulus - SPICS - Società San Paolo EM (non-commercial uses only)cCopyright2015 a15 p. [41-55] aANNO 020, N.11 (NOVEMBRE 1998) aAlla Guida del Popolo di Dio: Ripensare il Legame Collegiale dei Vescovi con il Papa: è una Delle Grandi Sfide di Fine Millennio per una Chiesa Segno Concreto di Comunione e Pluralità. Comunione e Pluralità di Alberto Melloni. Collegialità Non è Democrazi aPASTORALEvPUBBLICAZIONE PERIODICA aFerro' Giovanni gCodice Aut. SPICS: 51323